Städte nach Sehenswürdigkeiten #2 - Statistiken

Allgemein
  • Dieses Quiz wurde 127 mal gespielt
  • Das Durchschnittsergebnis liegt bei 8 aus 10
Antwortstatistiken
Sehenswürdigkeit 1 Sehenswürdigkeit 2 Sehenswürdigkeit 3 Stadt % Korrekt
Van Gogh Museum Anne-Frank-Haus Heineken Experience Amsterdam
92%
Universal Studios Hollywood Beverly Hills Venice Beach Los Angeles
90%
Opernhaus Harbour Bridge Queen Victoria Building Sydney
83%
Sensoji Tempel Meiji-Schrein Shibuya-Kreuzung Tokio
82%
Schloss Schönbrunn Hofburg Stephansdom Wien
80%
Atomium Grand Place Mont des Arts Brüssel
79%
Karlsbrücke (Der) Wenzelsplatz Rathausuhr Prag
76%
(Der) Römer Main Tower Palmengarten Frankfurt am Main
74%
Der Bund (Waitan) Jin Mao Tower Yu-Garten Shanghai
58%
Wat Pho Wat Arun Chatuchak Market Bangkok
49%
Keine übereinstimmenden Quizze gefunden
Verteilung der Resultate
Anzahl Personen mit jedem Resultat
Perzentil nach korrekt beantworteten Fragen
Ihre Resultats-Entwicklung
Sie haben dieses Quiz noch nicht gespielt